00618cam a22001931 450000100100000000500170001000800410002702000150006804000300008308200190011310000380013224500860017026000420025630000280029849000290032665000170035565000310037270000210040300001892520200929165902.0750717s1970 gw 000 0 ger  a3499101505 aDO-SdBNPcFMUdOCoLCdDLC a833.914bD965r1 aDurrenmatt, Friedrich,d1921-199014aDer Richter und sein Henker; :bRoman. /cFriedrich Durrenmatt ; Karl Staudinger. aReinbek b. Hamburg :bRowohlt,c1970. a116 p. :bil. ;c19 cm.0 aRororo [Taschenbuch] 150 4aNovela suiza 4aLiteratura suizaySIGLO XX1 aStaudinger, Karl